A Ceremony of Carols - Wolcum Yole! - Statistics

General Stats
  • This quiz has been taken 21 times
  • The average score is 57 of 89
Answer Stats
Answer % Correct
King,
100%
Wolcum,
100%
Wolcum,
100%
Wolcum
100%
Wolcum
100%
Wolcum,
100%
Wolcum
100%
Wolcum
100%
Wolcum,
100%
Wolcum,
100%
Wolcum
100%
Wolcum,
100%
Wolcum,
100%
Wolcum
100%
Wolcum
100%
Wolcum!
100%
Wolcum
100%
Wolcum,
100%
Wolcum,
100%
Wolcum
100%
Wolcum
100%
Wolcum
100%
Wolcum
100%
Wolcum
100%
Wolcum!
100%
ye,
100%
ye,
100%
ye
100%
Yole!
100%
Yole,
100%
Yole,
100%
Yole,
100%
Yole.
100%
alle
50%
alle
50%
and
50%
and
50%
and
50%
and
50%
another
50%
be
50%
be
50%
be
50%
be
50%
Bliss,
50%
born
50%
Candelmesse,
50%
cheer.
50%
dare,
50%
every
50%
for
50%
good
50%
good
50%
hevene
50%
in
50%
in
50%
Innocentes
50%
Jon,
50%
lefe
50%
lesse.
50%
make
50%
marter
50%
more
50%
morning,
50%
Newe
50%
of
50%
one
50%
one,
50%
one,
50%
Quene
50%
sall
50%
seintes
50%
sing!
50%
Stevene
50%
Thomas
50%
thou
50%
to
50%
we
50%
whom
50%
Yere,
50%
yere,
50%
are
0%
both
0%
bothe
0%
Day
0%
fere,
0%
here,
0%
that
0%
Twelfthe
0%
No matching quizzes found
Score Distribution
Percent of People with Each Score
Percentile by Number Answered
Your Score History
You have not taken this quiz